Score 0/20 Timer 02:00
1 Play Today
Soap Missing Word % Correct
Beverly _____, 90210Hills
97.3%
_____ of Our LivesDays
95.1%
The _____ and the RestlessYoung
94.2%
Melrose _____Place
91.5%
All My _____Children
91.5%
As the World _____Turns
91.4%
One Life to _____Live
90.6%
_____ HospitalGeneral
89.9%
Desperate _____Housewives
83.5%
The _____ and the BeautifulBold
82.8%
Soap Missing Word % Correct
Guiding _____Light
81.3%
Where the _____ IsHeart
64.7%
Another _____World
54.2%
Falcon _____Crest
49.3%
_____ LandingKnots
44.1%
Ryan's _____Hope
37.3%
_____ KildareDr.
34.9%
_____ CharlesPort
33.9%
The Edge of _____Night
27.2%
_____ for TomorrowSearch
21%

Today's Daily Dose

Quick Pick
Colorful Movies

Get the Picture
Dog Breeds II

Remove Ads.
Support Sporcle.
Get the best of Sporcle when you Go Orange. This ad-free experience offers more features, more stats, and more fun while also helping to support Sporcle. Thank you for becoming a member.

You're not logged in!

Compare scores with friends on all Sporcle quizzes.
OR
Log In

Show Comments

Extras

Top Quizzes Today


Score Distribution

Your Account Isn't Verified!

In order to create a playlist on Sporcle, you need to verify the email address you used during registration. Go to your Sporcle Settings to finish the process.

Report this User

Report this user for behavior that violates our Community Guidelines.

Details: